El último judío (Registro nro. 22976)

Detalles MARC
000 -CABECERA
Longitud fija campo de control 00672nam a2200229 b 4500
001 - NÚMERO DE CONTROL
Número de control bimo0001676576
003 - IDENTIFICADOR DELl NÚMERO DE CONTROL
Identificador del número de control OSt
005 - FECHA Y HORA DE LA ÚLTIMA TRANSACCIÓN
Fecha y hora de la última transacción 20151015155913.0
008 - CÓDIGOS DE INFORMACIÓN DE LONGITUD FIJA
Códigos de información de longitud fija 010523s2001 sp | ||| ||spa
020 ## - NÚMERO INTERNACIONAL NORMALIZADO PARA LIBROS
Número Internacional Normalizado para Libros (ISBN) 84-663-0226-3
040 ## - FUENTE DE LA CATALOGACIÓN
Centro transcriptor BMC
082 ## - NÚMERO DE LA CLASIFICACIÓN DECIMAL DEWEY
Númeroo de clasificación 813.5
100 1# - PUNTO DE ACCESO PRINCIPAL-NOMBRE DE PERSONA
Nombre de persona Gordon, Noah‏
9 (RLIN) 36741
245 13 - MENCIÓN DE TÍTULO
Título El último judío
Mención de responsabilidad, etc. Noah Gordon; [traducción, Mª Antonia Menini Pagés]
260 ## - PUBLICACIÓN, DISTRIBUCIÓN, ETC. (PIE DE IMPRENTA)
Lugar de publicación, distribución, etc. Madrid
Nombre del editor, distribuidor, etc. Ediciones B
Fecha de publicación, distribución, etc. D.L. 2001
300 ## - DESCRIPCIÓN FÍSICA
Extensión 588 p.
Dimensiones 18 cm
490 ## - MENCIÓN DE SERIE
Mención de serie Punto de lectura
Designación de volumen o secuencia 2/7
546 ## - NOTA DE LENGUA
Nota de lengua Traducción de: The last few
650 24 - PUNTO DE ACCESO ADICIONAL DE MATERIA - TÉRMINO DE MATERIA
9 (RLIN) 17595
Término de materia o nombre geográfico como elemento inicial Novela norteamericana
700 1# - PUNTO DE ACCESO ADICIONAL - NOMBRE DE PERSONA
9 (RLIN) 30812
Nombre de persona Menini, María Antonia
942 ## - ENTRADA DE ELEMENTOS AGREGADOS (KOHA)
Fuente de clasificaión o esquema Dewey Decimal Classification
Koha [por defecto] tipo de item 1- Monografias
Parte de clasificación prozim
Existencias
Suprimido Perdido Fuente de clasificación o esquema Estropeado Restricciones de uso No para préstamo Código de colección Localización permanente Localización actual Localización en estanter&íacute;as Fecha adquisición Fuente de adquisición Número de inventario Préstamos totales Signatura completa Código de barras Fecha última consulta Coste, precio reemplazado Fecha del precio de reemplazo Tipo de item de Koha
NULL NULL Dewey Decimal Classification NULL Prestable NULL NULL Biblioteca Miguel de Cervantes - UNICAES Biblioteca Miguel de Cervantes - UNICAES Sala Principal 16/10/2015 Donación - ADESH 030553   N GOR ult 1034518 16/10/2015 5.00 16/10/2015 1- Monografias